Ariana Grande Quiz - Statistics

General Stats
  • This quiz has been taken 155 times
  • The average score is 10 of 15
Answer Stats
Hint Answer % Correct
Her age (2022) 29
94%
Her brother's name Frankie
91%
Her 3rd album Dangerous Woman
88%
Her husband's name Dalton
86%
Her make up brand R.E.M. Beauty
86%
Let me love...(her song) you
85%
Her 2nd last name Butera
84%
Motive is feat... Doja Cat
84%
Her the most popular dog Toulouse
75%
Her first song Put Your Hearts Up
74%
Her nick in the snapchat moonlightbae
47%
Ariana's the most bored song for her Why Try
40%
Her fragnance brand Ariana Grande
37%
Her birthday 26.06
25%
Favourite Joan's (her mom) song by Ariana ghostin
5%
No matching quizzes found
Score Distribution
Percent of People with Each Score
Percentile by Number Answered
Your Score History
You have not taken this quiz